| 000 | 00517nam a2200217Ia 4500 | ||
|---|---|---|---|
| 003 | OSt | ||
| 005 | 20241023105112.0 | ||
| 008 | 240925s9999 xx 000 0 und d | ||
| 020 | _aNA | ||
| 040 | _csd | ||
| 082 | _a796.44 RUP | ||
| 100 | _aRupa & Co | ||
| 245 | 0 | _aCricket: the Indian way | |
| 250 | _aNA | ||
| 260 |
_aNew Delhi: _bRupa Co _c,1976. |
||
| 300 |
_aVarious pages _bN.A _fPhotocopy |
||
| 500 | _aNA | ||
| 600 | _aHumanities & Natural Science | ||
| 650 | _aArts and Recreation | ||
| 942 |
_cBK _2ddc |
||
| 999 |
_c12116 _d12116 |
||